00992cam a2200253 a 4500999001500000001000600015003000900021005001700030008004100047020001800088040002800106082001800134100002100152245010300173250001200276260004800288300004600336504005100382650002000433700002300453942001200476952011600488952013400604 c5428d542820148BD-DhUAP20201210155401.0201210s2011 ii a b 001 0 eng  a9788126538393 aDLCcDLCdBD-DhUAPbeng00a628.5 EVA2231 aEvans, Gareth M.10aEnvironmental biotechnology :btheory and application /cby Gareth M. Evans and Judith C. Furlong. a2nd ed. aNew Delhi :bWiley India Pvt. Ltd.,cc2011. axii, 275 pages :billustrations ;c25 cm. aIncludes bibliographical references and index. 0aBioremediation.1 aFurlong, Judith C. 2ddccBK 00102ddc4070aUAPCLbUAPCLcGeneral Stacksd2020-12-10o628.5 EVAp3010020148r2020-12-10t1w2020-12-10yBK 00102ddc4070aUAPCLbUAPCLcGeneral Stacksd2020-12-10l6m1o628.5 EVAp3010020149r2021-12-11s2021-10-30t2w2020-12-10yBK